01070nam a2200277 a 45000010008000000030004000080050017000120080041000290100017000700200015000870400013001020500023001150820017001380820021001552450140001762600100003163000021004165040054004376500038004917100074005297300024006039060045006279420012006729990015006849520093006994408871OSt20230629140112.0921215s1992 ilu b 000 0 eng  a 92240063  a0897077539 aDLCcDLC00aK3585.4b.T75 199200a341.7/6222000a346.762220bHAR00aTrends in international environmental law /cby the editors of the Harvard law review ; foreword by Jay Hair and preface by John Adams. a[Chicago, Ill.] :bAmerican Bar Association, Section of International Law and Practice,cc1992. a189 p. ;c23 cm. aIncludes bibliographical references (p. 177-189). 0aEnvironmental law, International.2 aAmerican Bar Association.bSection of International Law and Practice.0 aHarvard law review. a7bcbccorignewd2encipf19gy-gencatlg 2ddccBK c3092d3092 00102ddc4070a002b002d2023-06-29l0o341.7/62p10001977r2023-06-29w2023-06-29yBK